000 00657nam a2200217Ii 4500
003 JO-AjNU
008 230606s9999||||xx |||||||||||||| ||und||
020 _a978-0-19-43-16-34-7
040 _aJO-AjNU
_beng
_erda
_cJO-AjNU
041 _aeng
050 1 4 _aP118.2.E376 2005
100 3 _aEllis,Rod Editor/Barkhuizen,Gary تأليف ,
_eauthor
_92174
245 0 0 _aAnalysing Learner Language
250 _a1 ed
264 3 1 _aNew York:Oxford University Press,2005
300 _a404p
336 _atext
_btxt
_2rdacontent
337 _aunmediated
_bn
_2rdamedia
338 _avolume
_bnc
_2rdacarrier
650 4 _aAnalysing Learner Language-Language
_92175
999 _aE1140
_c1140
_d1140